01505nam a2200241Ia 4500001000600000003000900006008004100015040001300056040001300069041001300082100002200095100002900117245006500146245008800211250001100299260001100310260001600321260004900337300006100386500074600447650003901193650003101232A6555IT-RoPAU130308s9999 xx 000 0 und d aIT-RoPAU cIT-RoPAU aITALIANO aRotermund Hartmut gCodice Aut. SPICS: 35969 aAll'Incrocio delle strade-Uomini, dei e antenati in Giappone bComunicazione nella storia (La)-2-Un itinerario Nello Sviluppo dei Rapporti Sociali a1a ed. aTORINO bSeat - Stet c1990 [1° Ed.:1990 - Ed.Ling.Originale:1990] a"101 p. (prefazione: no ; testo: 101 [pagine: 155-255])" aDati Archeologici. Teatro Religioso e Teatro Profano. Aisatsu o Lo Scambiodei Doni. Commercio, Trasporto, mercati e commercio Ambulante. Scritture Eletteratura in Giappone. Arte di Scrivere. Arte: Architettura, Pittura e scultura . Religione e Poesia. Cristianesimo, Stampa, Romanizzazione. viaggi e Rete Stradale. Tama: Spiriti Vitali e Sensoriali. Controlli e Frontiere. Pellegrini, questua e Ospitalità. ruolo Socioculturale del Pellegrino. Confraternite. Predicazione. Sogni e Rivelazione. Kami e la Loro Festa. Corpo Divino: Simbolo e Manifestazione del Kami. Andare e Rinascere in Pura Terra. coesistenza dei Kami e dei Buddha. Montegne nel Sincretismo Shinto Buddhista: Luogo di Ascesi e di Comunicazione. Antenati, Morti e Aldila'. aSTORIA DELLA COMUNICAZIONE SOCIALE eCodice materia Spics: 3808